[Event "BRA-ch Amateurs U2000"]
[Site "Sao Paulo"]
[Date "2024.05.31"]
[Round "4"]
[White "Spieker, Otavio Schmidt"]
[Black "Soares, Rafael Tuma"]
[Result "0-1"]
[WhiteElo "1639"]
[BlackElo "1777"]
[PlyCount "122"]
[EventDate "2024.05.30"]
[EventType "swiss"]
[EventRounds "7"]
[EventCountry "BRA"]
[SourceTitle "CB23_2024"]
[SourceDate "2024.06.05"]
[SourceVersion "1"]
[SourceVersionDate "2024.06.05"]
[SourceQuality "1"]

1. e4 c5 2. Nf3 d6 3. d4 cxd4 4. Nxd4 Nf6 5. f3 a6 6. c4 Qc7 7. Nc3 Nc6 8. Nxc6 bxc6 9. Be3 Rb8 10. Qd2 g6 11. 0-0-0 Be6 12. Kb1 Bg7 13. Bh6 Bxh6 14. Qxh6 Qb7 15. Qd2 Qb4 16. Rc1 Nd7 17. a3 Qxa3 18. Nb5 Rxb5 19. cxb5 Qa2+ 20. Kc2 Qb3+ 21. Kb1 axb5 22. Qa5 0-0 23. Qc3 Qa2+ 24. Kc2 Nc5 25. Bd3 Qa4+ 26. Kd2 Nb3+ 27. Ke2 Nxc1+ 28. Qxc1 c5 29. g4 Bc4 30. h4 Qb3 31. Bxc4 Qxc4+ 32. Qxc4 bxc4 33. Kd2 Rb8 34. Kc3 Rb4 35. Rd1 f6 36. Rd5 Rb3+ 37. Kxc4 Rxb2 38. g5 Rb4+ 39. Kc3 Kf7 40. gxf6 Kxf6 41. h5 Ra4 42. h6 Ra3+ 43. Kc4 Rxf3 44. e5+ Ke6 45. exd6 exd6 46. Rd2 Rh3 47. Ra2 Rxh6 48. Ra7 Rh4+ 49. Kb5 h5 50. Rg7 Kf6 51. Rd7 Rd4 52. Kc6 h4 53. Rxd6+ Rxd6+ 54. Kxd6 h3 55. Kxc5 h2 56. Kc6 h1Q+ 57. Kd7 Qc1 58. Kd6 Qc4 59. Kd7 Qc5 60. Kd8 Ke6 61. Ke8 Qe7# 0-1

[Event "BRA-ch Amateurs U2000"]
[Site "Sao Paulo"]
[Date "2024.05.30"]
[Round "2"]
[White "Da Silva, Emerson Soares"]
[Black "Soares, Rafael Tuma"]
[Result "1-0"]
[WhiteElo "1899"]
[BlackElo "1777"]
[PlyCount "43"]
[EventDate "2024.05.30"]
[EventType "swiss"]
[EventRounds "7"]
[EventCountry "BRA"]
[SourceTitle "CB23_2024"]
[SourceDate "2024.06.05"]
[SourceVersion "1"]
[SourceVersionDate "2024.06.05"]
[SourceQuality "1"]

1. d4 d5 2. Nf3 Nf6 3. c4 e6 4. Nc3 c6 5. Bg5 Be7 6. e3 Nbd7 7. Qc2 0-0 8. Bd3 h6 9. h4 hxg5 10. hxg5 Ne4 11. Bxe4 dxe4 12. Qxe4 f5 13. Qxe6+ Rf7 14. g6 Ne5 15. gxf7+ Nxf7 16. Qg6 Be6 17. 0-0-0 b5 18. c5 b4 19. Na4 b3 20. a3 Qa5 21. Rh8+ Nxh8 22. Qxe6+ 1-0

[Event "Florianopolis op 10th"]
[Site "Florianopolis"]
[Date "2024.01.21"]
[Round "2"]
[White "Soares, Rafael Tuma"]
[Black "Lisboa, Maria Eduarda Mazza"]
[Result "1-0"]
[WhiteElo "1540"]
[BlackElo "1081"]
[PlyCount "112"]
[EventDate "2024.01.20"]
[EventType "swiss"]
[EventRounds "10"]
[EventCountry "BRA"]
[SourceTitle "CB05_2024"]
[SourceDate "2024.01.31"]
[SourceVersion "1"]
[SourceVersionDate "2024.01.31"]
[SourceQuality "1"]

1. e4 d5 2. exd5 Qxd5 3. Nc3 Qa5 4. Bc4 c6 5. d4 Bf5 6. Bf4 Nf6 7. Nge2 e6 8. Qd2 Be7 9. h3 h6 10. 0-0 0-0 11. Nd5 Qxd2 12. Nxe7+ Kh8 13. Bxd2 Bxc2 14. Rac1 Bh7 15. Bb4 Re8 16. Rfe1 Nbd7 17. Bb3 a5 18. Ba3 b5 19. Nxc6 b4 20. Nxb4 axb4 21. Bxb4 Nb6 22. Nc3 Nh5 23. g3 Nf6 24. Bc5 Nbd7 25. Nb5 Nxc5 26. dxc5 Reb8 27. Nd6 Bg6 28. c6 Rd8 29. c7 Rxd6 30. c8Q+ Rxc8 31. Rxc8+ Kh7 32. Rd1 Rb6 33. Rdc1 Ne4 34. R8c6 Rb8 35. Rd1 Nf6 36. f3 Nd5 37. Bxd5 exd5 38. b3 Ra8 39. a4 Rb8 40. Rc3 Rd8 41. Rd4 Bf5 42. g4 Be6 43. b4 f5 44. b5 fxg4 45. hxg4 Rb8 46. Rc6 Bg8 47. b6 Ra8 48. b7 Rb8 49. Rc7 Be6 50. a5 Kg6 51. a6 Kf6 52. Kf2 Ke5 53. a7 Rxb7 54. Rxb7 Kxd4 55. a8Q Kc3 56. Rc7+ Kd4 1-0